Revista Universitaria : (Record no. 21738)

000 -CABECERA
fixed length control field 01963nam a22003257a 4500
003 - IDENTIFICADOR DEL NÚMERO DE CONTROL
control field AR-CdUCM
008 - DATOS DE LONGITUD FIJA--INFORMACIÓN GENERAL
fixed length control field 190425b ||||| |||| 00| 0 spa d
040 ## - FUENTE DE LA CATALOGACIÓN
Agencia/entidad que catalogó originalmente la obra MUNICIPALIDAD PROVINCIAL DEL CUSCO
Entidad que transcribió la catalogación BIBLIOTECA MUNICIPAL DEL CUSCO
082 ## - NÚMERO DE LA CLASIFICACIÓN DECIMAL DEWEY
No. de Clasificación Rev.Univ/N°82/1942
Notacion interna Rev.Univ/N°82/1942
110 ## - ENTRADA PRINCIPAL--NOMBRE DE ENTIDAD CORPORATIVA
Nombre de la institución, jurisdicción como entrada principal Universidad Nacional de San Antonio Abad del Cusco
9 (RLIN) 15942
245 ## - MENCIÓN DE TÍTULO
Título Revista Universitaria :
Resto del título Órgano de la Universidad del Cuzco /
260 ## - PUBLICACIÓN, DISTRIBUCIÓN, ETC.
Lugar de publicación, distribución, etc. Cusco :
Nombre de la editorial, distribuidor, etc. H. G. Rozas,
Fecha de publicación, distribución, etc. 1942.
300 ## - DESCRIPCIÓN FÍSICA
Nº de Páginas Extensión 340 páginas. :
Dimensiones 20 cm.
440 ## - MENCIÓN DE SERIE/PUNTO DE ACCESO ADICIONAL--TÍTULO
Título Revista Universitaria
Número de la parte/sección de una obra Año XXXI, 1° semestre 1942, N°82
9 (RLIN) 45923
505 ## - NOTA DE CONTENIDO CON FORMATO
Nota de contenido formateada Contenido: Tupac Amaru afirmación de peruanidad. Julián Santisteban Ochoa. -- Pasado y presente de la literatura peruana apuntes para una historia integral. Alfredo Yépez Miranda. -- Scirpus Totora Kunth y Scirpus Californ Icus. César Vargas. -- Breve reseña de los caracteres del derecho romano pre Justiniano. David Mejía S. -- Nueva estructuración agraria de las comunidades indígenas. Jorge Gabino Breña. -- Exploraciones botánicas realizadas en alto Amazonas. Fortunato L. Herrera. -- Estilos arquitectónicos incaicos. Jorge Cornejo Bouroncle. -- Canjes relación de libros recibidos durante el año 1941. -- Personal directivo, docentes y administrativos de la Universidad 1942. -- Patronato de Arqueología ordenanzas. -- Crónica universitaria.
650 ## - PUNTO DE ACCESO ADICIONAL DE MATERIA--TÉRMINO DE MATERIA
Descriptor Literatura peruana
9 (RLIN) 45922
650 ## - PUNTO DE ACCESO ADICIONAL DE MATERIA--TÉRMINO DE MATERIA
Descriptor Túpac Amaru
9 (RLIN) 623
650 ## - PUNTO DE ACCESO ADICIONAL DE MATERIA--TÉRMINO DE MATERIA
Descriptor Botánica
9 (RLIN) 2790
650 ## - PUNTO DE ACCESO ADICIONAL DE MATERIA--TÉRMINO DE MATERIA
Descriptor Comunidades indígenas
9 (RLIN) 3290
650 ## - PUNTO DE ACCESO ADICIONAL DE MATERIA--TÉRMINO DE MATERIA
Descriptor Arquitectura Inka
9 (RLIN) 45226
650 ## - PUNTO DE ACCESO ADICIONAL DE MATERIA--TÉRMINO DE MATERIA
Descriptor Patronato de Arqueología
9 (RLIN) 45924
700 ## - PUNTO DE ACCESO ADICIONAL--NOMBRE DE PERSONA
Nombre Personal Yépez Miranda, Alfredo
9 (RLIN) 4230
700 ## - PUNTO DE ACCESO ADICIONAL--NOMBRE DE PERSONA
Nombre Personal Cosío, José Gabriel
9 (RLIN) 11720
700 ## - PUNTO DE ACCESO ADICIONAL--NOMBRE DE PERSONA
Nombre Personal Cornejo Bouroncle, Jorge
9 (RLIN) 15278
700 ## - PUNTO DE ACCESO ADICIONAL--NOMBRE DE PERSONA
Nombre Personal Santisteban Ochoa, Julián
9 (RLIN) 29993
700 ## - PUNTO DE ACCESO ADICIONAL--NOMBRE DE PERSONA
Nombre Personal Herrera, Fortunato L
9 (RLIN) 31237
710 ## - PUNTO DE ACCESO ADICIONAL--NOMBRE DE ENTIDAD CORPORATIVA
Nombre corporativo (En letras Mayúsculas) Universidad Nacional de San Antonio Abad del Cusco
9 (RLIN) 15942
942 ## - ELEMENTOS DE PUNTO DE ACCESO ADICIONAL (KOHA)
Fuente de clasificación
Tipo de item Revistas cusqueñas
945 ## - PROCESAMIENTO DE INFORMACIÓN LOCAL (OCLC)
Catalogador rac
Holdings
Estado de retiro (separado) Fuente de clasificación o esquema de estanterías Estado dañado Ubicación Sala donde se ubica Nombre de la colección Fecha de adquisición o compra Costo, precio normal en soles Signatura topográfica Código de Barras Última vez visto (Koha) Tipo de ítem (Koha)
No     Sala Hemeroteca Sala Hemeroteca Book Cart 2021-04-28 10.00 Rev.Univ/N°82/1942 REVC000095 2021-04-28 Revistas cusqueñas
No     Sala Hemeroteca Sala Hemeroteca Book Cart 2021-04-28 10.00 Rev.Univ/N°82/1942/e.2 REVC000096 2021-04-28 Revistas cusqueñas
No     Sala Hemeroteca Sala Hemeroteca Book Cart 2021-04-28 10.00 Rev.Univ/N°82/1942/e.3 REVC000097 2021-04-28 Revistas cusqueñas
No     Sala Hemeroteca Sala Hemeroteca Book Cart 2021-04-28 10.00 Rev.Univ/N°82/1942/e.4 REVC000098 2021-04-28 Revistas cusqueñas

Powered by Koha